| 000 | 00587nam a22002172 4500 | ||
|---|---|---|---|
| 001 | 0000003863 | ||
| 005 | 20151217145741.0 | ||
| 008 | 070515s xx 000 0 eng d | ||
| 020 |
_a0521092272 : _cKES 3,598/50 |
||
| 040 |
_aKABU _cKABU |
||
| 050 | 0 |
_aQA37.2 _b.H37 1952 |
|
| 100 | 1 |
_aHardy, G. H. _@0000154068 |
|
| 245 | 1 | 2 | _aA Course in pure mathematics. |
| 250 | _a10th ed. | ||
| 260 |
_aCambridge : _bCUP, _c1952. |
||
| 300 | _axii, 509 p. | ||
| 650 | 0 |
_aMathematics. _@0000148159 |
|
| 908 | _a070515 | ||
| 950 | _@1 | ||
| 999 |
_c2257 _d2257 |
||